| 000 | 00423nam a2200157 a 4500 | ||
|---|---|---|---|
| 001 | 4010 | ||
| 003 | CDMR | ||
| 005 | 20131217122211.0 | ||
| 008 | 130130s1994||||||||||||||||||||||||||||d | ||
| 040 |
_aCDMR _bcat _cCDMR |
||
| 245 | 0 | _aAnuario 1993 | |
| 260 |
_aBarcelona _c1994 _bDifusora Internacional |
||
| 300 |
_a3 v ; _c30 cm |
||
| 505 | _aConté: I De los hechos. II De los temas. III De los protagonistas | ||
| 942 |
_cMON _2ddc |
||
| 999 |
_c4010 _d4010 |
||